000 00765nam a2200241Ia 4500
999 _c41272
_d41272
001 7927
003 GE_BSU
005 20221003114527.0
008 181216s2013ru xx |||||||||||||| ||rus||
020 _a9785496001151
040 _cGE_BSU
041 _arus
080 _a316.6 М-14
100 _aМайерс,Дэвид
_914950
245 _aСоциальная психология /
_cДэвид Майерс, Пер.с англ.З.Замчук
264 _aСПБ :
_bПитер,
_c2013.
300 _a800 стр:.
_c24 см.
653 _aПсихология
653 _aСоциальная психология
653 _aფსიქოლოგია
700 _aЗамчук, З.
_eმთარგმნელი
_914951
942 _cBK
_2udc